000 006970000a22001930004500
090 _aSeriadas
245 1 0 _aLas aves del Jardín Botánico de Bogotá José Celestino Mutis y del Parque Distrital Simón Bolivar
_srecuento de los últimos ocho años
260 _c2005
044 _aColombia
041 0 _aEspañol
690 _aAvifauna
_992441
690 _aConservación de biodiversidad
_9345
690 _aCensos de aves
_995538
610 1 4 _aJardín Botánico de Bogotá José Celestino Mutis
_9100554
610 1 4 _aAsociación Bogotana de Ornitología
_sABO
_95238
100 1 _aEcheverry G., María Angela
_9100555
942 _cARTICULO
773 1 _tPérez Arbelaezia
_h16
_q115-133
_d2005
999 _c16308
_d16308